|
|
|
|
| LEADER |
00000nam0a2200000 4500 |
| 001 |
316815 |
| 005 |
20231102002919.0 |
| 010 |
|
|
|b 50 экз.
|
| 035 |
|
|
|a (RuTPU)RU\TPU\book\342283
|
| 090 |
|
|
|a 316815
|
| 100 |
|
|
|a 20160330d1938 m y0rusy50 ca
|
| 101 |
0 |
|
|a rus
|
| 102 |
|
|
|a RU
|
| 105 |
|
|
|a y z 001zy
|
| 200 |
1 |
|
|a Организация и методика дипломного проектирования
|e проект методики на отзыв
|f А. М. Залесский, В. М. Татарчук
|g Московский энергетический институт (МЭИ), Научно-Методический Кабинет ГУУЗ`а НКТП
|
| 205 |
|
|
|a Литографическое издание
|
| 210 |
|
|
|a Москва
|c Литография МЭИ
|d 1938
|
| 215 |
|
|
|a 88 с.
|
| 225 |
1 |
|
|a [Методики]
|h Вып. 10
|
| 316 |
|
|
|5 63413507: М-132591
|a На титульном листе владельческая подпись: "Бутаков"
|
| 317 |
|
|
|5 63413507: М-132591
|a Поступила в НТБ в 1970 г. в составе книжного собрания профессора ТПИ И. Н. Бутакова
|
| 320 |
|
|
|a Литературный указатель: с. 85-88
|
| 606 |
1 |
|
|a Дипломные проекты
|x Оформление
|2 stltpush
|3 (RuTPU)RU\TPU\subj\9582
|9 36801
|
| 610 |
1 |
|
|a дипломное проектирование
|
| 610 |
1 |
|
|a организация работы
|
| 610 |
1 |
|
|a методика
|
| 610 |
1 |
|
|a владельческая надпись
|
| 610 |
1 |
|
|a библиотека И. Н. Бутакова
|
| 675 |
|
|
|a 62
|v 4
|
| 686 |
|
|
|a Ч481.254
|2 rubbk
|
| 700 |
|
1 |
|a Залесский
|b А. М.
|
| 701 |
|
1 |
|a Татарчук
|b В. М.
|
| 712 |
0 |
2 |
|a Московский энергетический институт (МЭИ)
|b Научно-Методический Кабинет ГУУЗ`а НКТП
|c (1930-1992)
|2 stltpush
|3 (RuTPU)RU\TPU\col\20092
|
| 801 |
|
1 |
|a RU
|b 63413507
|c 20160330
|
| 801 |
|
2 |
|a RU
|b 63413507
|c 20190801
|g RCR
|
| 942 |
|
|
|c BK
|